000 00533nam a2200169 4500
001 123066
003 ES-MaACL
005 20230906192114.0
007 t|
008 070214s1969 sp r ||||0| spa d
100 1 _aQuadri, Georges.
_994479
245 1 0 _aMotores asincronos industriales /
_cpor Georges Quadri ; traducción de Jaime Canals Casabó.
260 _aBarcelona :
_bEd. Hispano Europea,
_c1969.
300 _a354 p :
_bil ;
_c21 cm.
700 1 _aCanals Casabó, Jaime.
_934415
852 _aES-MaACL
_jC-50404
_bR.71361
999 _c123066
_d123066